000 00299nam a22001337a 4500
008 210226b ||||| |||| 00| 0 eng d
020 _a9781323294529
041 _aeng
080 _26th
_a579
100 _a11
101 _aMIK
245 _aMicrobiology And Immunology
_cMyers,J
942 _2udc
_cBK
999 _c55280
_d55280